[Event "Lund CellaVision Cup"]
[Site "Lund"]
[Date "2017.08.04"]
[Round "1"]
[White "Larsson, Per Olov"]
[Black "Vorobiov, Evgeny E"]
[Result "0-1"]
[WhiteElo "1975"]
[BlackElo "2569"]
[PlyCount "56"]
[EventDate "2017.08.04"]
[EventType "swiss"]
[EventRounds "8"]
[EventCountry "SWE"]
[SourceTitle "CBM 180 Extra"]
[Source "ChessBase"]
[SourceDate "2017.10.06"]
[SourceVersion "1"]
[SourceVersionDate "2017.10.06"]
[SourceQuality "1"]

1. e4 c5 2. c3 Nf6 3. e5 Nd5 4. Bc4 Nb6 5. Bb3 Nc6 6. d4 cxd4 7. cxd4 d5 8. Nc3 Bf5 9. Nf3 e6 10. 0-0 Be7 11. Re1 Rc8 12. Bf4 g5 13. Be3 h5 14. Kh1 h4 15. Bc2 Bxc2 16. Qxc2 g4 17. Ng1 h3 18. g3 Nc4 19. Qe2 Rg8 20. b3 Nxe3 21. Qxe3 Qa5 22. Nge2 Bg5 23. Qd3 Ke7 24. Nb5 Nb4 25. Qd1 Qxb5 26. a4 Qd3 27. Qxd3 Nxd3 28. Rf1 Rc2 0-1

[Event "Ostersund Hurtigfeiden op"]
[Site "Ostersund"]
[Date "2016.09.11"]
[Round "7"]
[White "Hjorth, Gunnar"]
[Black "Larsson, Per Olov"]
[Result "1-0"]
[WhiteElo "2229"]
[BlackElo "1960"]
[PlyCount "45"]
[EventDate "2016.09.11"]
[EventType "swiss"]
[EventRounds "7"]
[EventCountry "SWE"]
[SourceTitle "CBM 174 Extra"]
[Source "ChessBase"]
[SourceDate "2016.10.10"]
[SourceVersion "1"]
[SourceVersionDate "2016.10.10"]
[SourceQuality "1"]

1. Nf3 Nf6 2. g3 g6 3. Bg2 Bg7 4. c4 d6 5. d4 0-0 6. 0-0 Nbd7 7. Nc3 e5 8. h3 exd4 9. Nxd4 Ne5 10. b3 a6 11. Bb2 Rb8 12. f4 Ned7 13. e4 Nc5 14. Re1 Nh5 15. Kh2 Re8 16. Qd2 Qf6 17. Nd5 Qd8 18. Bf3 Nf6 19. Nc3 Ne6 20. Nde2 Nc5 21. Nd4 Ne6 22. Nd5 b5 23. Nc6 1-0